[Event "Berlin-ch Seniors op 26th"]
[Site "Berlin"]
[Date "2010.02.12"]
[Round "4"]
[White "Grunow, Werner"]
[Black "Fieguth, Bernd"]
[Result "0-1"]
[WhiteElo "1699"]
[BlackElo "1863"]
[PlyCount "94"]
[EventDate "2010.02.09"]
[EventType "swiss"]
[EventRounds "9"]
[EventCountry "GER"]
[SourceTitle "EXT 2012"]
[Source "ChessBase"]
[SourceDate "2011.11.24"]
[SourceVersion "1"]
[SourceVersionDate "2011.11.24"]
[SourceQuality "1"]

1. d4 Nf6 2. Nf3 g6 3. Bf4 Bg7 4. e3 0-0 5. Bd3 c5 6. c3 b6 7. 0-0 Bb7 8. Nbd2 d5 9. h3 Nbd7 10. Ne5 Nh5 11. Ndf3 Nxf4 12. exf4 f6 13. Ng4 e6 14. Re1 Re8 15. Qc2 Nf8 16. Re3 Qd6 17. g3 Bc6 18. Rae1 Kf7 19. h4 c4 20. Bf1 h5 21. Ngh2 b5 22. Bh3 a5 23. Qe2 Bd7 24. Nd2 Bh6 25. Qf3 b4 26. R3e2 Rab8 27. Nb1 a4 28. cxb4 Rxb4 29. f5 exf5 30. Rxe8 Bxe8 31. Bxf5 Rxb2 32. Nc3 Bc6 33. g4 gxf5 34. gxf5 Qf4 35. Qxh5+ Kg8 36. Ng4 Bg7 37. Re7 Be8 38. Rxe8 Rb7 39. Nxd5 Qd6 40. Qg6 Rb1+ 41. Kg2 Qxd5+ 42. f3 Rb2+ 43. Kg3 Qd6+ 44. f4 Qa3+ 45. Re3 Qxe3+ 46. Nxe3 Nxg6 47. fxg6 c3 0-1

[Event "Berlin-ch Seniors op 26th"]
[Site "Berlin"]
[Date "2010.02.10"]
[Round "2"]
[White "Grunow, Werner"]
[Black "Baranowsky, Peter"]
[Result "1-0"]
[WhiteElo "1699"]
[BlackElo "1854"]
[PlyCount "87"]
[EventDate "2010.02.09"]
[EventType "swiss"]
[EventRounds "9"]
[EventCountry "GER"]
[SourceTitle "EXT 2012"]
[Source "ChessBase"]
[SourceDate "2011.11.24"]
[SourceVersion "1"]
[SourceVersionDate "2011.11.24"]
[SourceQuality "1"]

1. d4 d5 2. c4 e6 3. Nc3 c6 4. Nf3 Nf6 5. Bg5 h6 6. Bxf6 Qxf6 7. e3 Nd7 8. Bd3 dxc4 9. Bxc4 b5 10. Bd3 a6 11. 0-0 Bb7 12. Ne4 Qd8 13. Rc1 Qa5 14. Bb1 g5 15. Ne5 Qc7 16. Nxd7 Kxd7 17. Qh5 Kc8 18. Nxg5 Kb8 19. Nxf7 Rg8 20. Be4 Ka7 21. Ne5 c5 22. Qf3 Bxe4 23. Qxe4 Bd6 24. f4 c4 25. Rf3 Rac8 26. a3 a5 27. Rh3 Bxe5 28. fxe5 Qd7 29. Rxh6 Rg7 30. Rg6 Rh7 31. h3 Rch8 32. Qg4 Rc8 33. Qxe6 Qxe6 34. Rxe6 b4 35. axb4 axb4 36. Kf2 c3 37. bxc3 bxc3 38. Ke2 Rg7 39. Kd3 Rxg2 40. Rxc3 Rxc3+ 41. Kxc3 Rg3 42. h4 Rxe3+ 43. Kc4 Re4 44. h5 1-0

[Event "Berlin-ch Seniors op 26th"]
[Site "Berlin"]
[Date "2010.02.09"]
[Round "1"]
[White "Bremer, Helmut"]
[Black "Grunow, Werner"]
[Result "0-1"]
[WhiteElo "1192"]
[BlackElo "1699"]
[PlyCount "70"]
[EventDate "2010.02.09"]
[EventType "swiss"]
[EventRounds "9"]
[EventCountry "GER"]
[SourceTitle "EXT 2012"]
[Source "ChessBase"]
[SourceDate "2011.11.24"]
[SourceVersion "1"]
[SourceVersionDate "2011.11.24"]
[SourceQuality "1"]

1. e4 c6 2. f4 d5 3. e5 Bf5 4. Nf3 e6 5. d4 c5 6. Be2 Nc6 7. Bb5 Bg4 8. 0-0 Qb6 9. Bxc6+ bxc6 10. c3 Nh6 11. Qe1 Bxf3 12. Rxf3 cxd4 13. Kh1 dxc3 14. Nxc3 Bb4 15. Bd2 0-0 16. b3 Bxc3 17. Bxc3 d4 18. Ba5 Qb5 19. Bc7 Rac8 20. Bd6 Rfd8 21. Be7 Rd7 22. Bf6 gxf6 23. Qg3+ Kh8 24. Qh4 Nf5 25. Qxf6+ Ng7 26. Rh3 Qe2 27. Qh6 Qe4 28. Qh4 Rg8 29. Rg3 d3 30. h3 d2 31. Qg4 Qe1+ 32. Rxe1 dxe1Q+ 33. Kh2 Rd1 34. Rf3 Qg1+ 35. Kg3 Nf5# 0-1

[Event "Brandenburg-ch Seniors 22nd"]
[Site "Berlin"]
[Date "2006.02.20"]
[Round "1"]
[White "Heyne, Klaus"]
[Black "Grunow, Werner"]
[Result "0-1"]
[WhiteElo "1145"]
[BlackElo "1689"]
[PlyCount "84"]
[EventDate "2006.02.20"]
[EventType "swiss"]
[EventRounds "9"]
[EventCountry "GER"]
[SourceTitle "EXT 2007"]
[Source "ChessBase"]
[SourceDate "2006.11.23"]
[SourceVersion "1"]
[SourceVersionDate "2006.11.23"]
[SourceQuality "1"]

1. d4 d5 2. Nf3 Nf6 3. g3 Bf5 4. Bg2 e6 5. 0-0 Nbd7 6. Bg5 Be7 7. Nbd2 h6 8. Bxf6 Bxf6 9. e3 0-0 10. Re1 c5 11. c3 Qb6 12. Qb3 Qc6 13. Qd1 Bg4 14. h3 Bh5 15. g4 Bg6 16. Rc1 c4 17. b4 b5 18. a3 a5 19. Ra1 axb4 20. axb4 Rxa1 21. Qxa1 Ra8 22. Qb2 Ra4 23. Ra1 Nb6 24. Bf1 Qd6 25. Be2 Kh7 26. Bd1 Rxa1 27. Qxa1 e5 28. dxe5 Bxe5 29. Nxe5 Qxe5 30. Nf3 Qf6 31. Nd4 Na4 32. Bxa4 bxa4 33. Qxa4 Qh4 34. Nf5 Qxh3 35. Qd1 Bxf5 36. gxf5 Qxf5 37. Qd4 Kg8 38. b5 Qb1+ 39. Kg2 Qxb5 40. Kf3 Qd7 41. e4 dxe4+ 42. Qxe4 Qh3+ 0-1

[Event "Berlin-ch Seniors op 21st"]
[Site "Berlin"]
[Date "2005.02.01"]
[Round "5"]
[White "Fiedler, Wolfgang2"]
[Black "Grunow, Werner"]
[Result "1-0"]
[WhiteElo "1771"]
[BlackElo "1659"]
[PlyCount "89"]
[EventDate "2005.01.28"]
[EventType "swiss"]
[EventRounds "9"]
[EventCountry "GER"]
[SourceTitle "EXT 2007"]
[Source "ChessBase"]
[SourceDate "2006.11.23"]
[SourceVersion "1"]
[SourceVersionDate "2006.11.23"]
[SourceQuality "1"]

1. d4 d5 2. c4 c6 3. cxd5 cxd5 4. Nf3 Nf6 5. g3 g6 6. Bg2 Bg7 7. 0-0 Nc6 8. Ne5 0-0 9. Nxc6 bxc6 10. Nd2 Bf5 11. f3 Qb6 12. Nb3 Nd7 13. g4 Be6 14. Be3 a5 15. Rb1 f5 16. h3 f4 17. Bf2 a4 18. Nc5 Nxc5 19. dxc5 Qc7 20. Bd4 Bf7 21. Bxg7 Kxg7 22. e4 dxe4 23. Qd4+ e5 24. Qxe4 Bxa2 25. Rbe1 Rfe8 26. Rf2 Bd5 27. Qc2 Bb3 28. Qc3 Re6 29. Rfe2 Rae8 30. Re4 g5 31. Bf1 Kf6 32. Rb4 Qd7 33. Bd3 Qa7 34. Bf5 R6e7 35. Rb6 Bd5 36. Kg2 h5 37. Qd3 Rd8 38. Rxc6+ Bxc6 39. Qxd8 Bd7 40. Rxe5 Bxf5 41. Qxe7+ Qxe7 42. Rxe7 Kxe7 43. gxf5 h4 44. c6 Kd6 45. f6 1-0

[Event "Heilbronn-ch"]
[Site "Heilbronn"]
[Date "1997.??.??"]
[Round "6"]
[White "Palma, Thomas"]
[Black "Grunow, Werner"]
[Result "1-0"]
[WhiteElo "1830"]
[BlackElo "1685"]
[PlyCount "85"]
[EventDate "1997.??.??"]
[EventType "swiss"]
[EventRounds "6"]
[EventCountry "GER"]
[SourceTitle "EXT 2006"]
[Source "ChessBase"]
[SourceDate "2005.11.24"]
[SourceVersion "1"]
[SourceVersionDate "2005.11.24"]
[SourceQuality "1"]

1. d4 g6 2. Nf3 Bg7 3. c4 c5 4. d5 d6 5. e4 Bg4 6. Nc3 Nd7 7. Be2 Bxf3 8. gxf3 Ngf6 9. f4 Nb6 10. 0-0 Qd7 11. e5 dxe5 12. fxe5 Ng8 13. Bg4 e6 14. Qe2 h5 15. Bh3 Qe7 16. dxe6 fxe6 17. Qe4 0-0-0 18. Be3 g5 19. Bg2 Rd7 20. Rad1 Rc7 21. Nb5 Rd7 22. Nd6+ Rxd6 23. Rxd6 Na4 24. Bxg5 Bf6 25. Rfd1 Qh7 26. exf6 Qxe4 27. Bxe4 Nxf6 28. Bxf6 Rg8+ 29. Kf1 Rg4 30. Rd8+ Kc7 31. R8d7+ Kb6 32. Rxb7+ Ka5 33. Bd8+ Nb6 34. Rxa7+ Kb4 35. Bxb6 Rxe4 36. b3 Kc3 37. Rad7 Kb4 38. R1d3 Ka3 39. Bxc5+ Kxa2 40. Bb4 h4 41. Rc3 h3 42. Rd2+ Kb1 43. Ba3 1-0